| 000 | 00567nam a2200193 i 4500 | ||
|---|---|---|---|
| 001 | 65917 | ||
| 003 | ES-MaACL | ||
| 005 | 20251126063249.0 | ||
| 007 | t| | ||
| 008 | 040123s1970 sp ||||1| spa d | ||
| 080 | _a894.511-311.2"19" | ||
| 100 | 1 |
_aFuest, Milan _d(1888-1967) _9174325 |
|
| 245 | 1 | 0 |
_aHistoria de mi mujer / _cMilán Füst ; [traducción, Francisco Parcerisas]. |
| 260 |
_aBarcelona : _bLumen, _c[1970] |
||
| 300 |
_a385 p. ; _c19 cm. |
||
| 700 | 1 |
_aParcerisas, Francesc. _988941 |
|
| 852 | 4 |
_aES-MaACL _jC-40546 |
|
| 999 |
_c65917 _d65917 |
||